000 00984cam a22002771 4500
001 275814
003 ARRUPE
005 20160823144353.0
008 771018s1951 dcu b 000 0 eng c
010 _aa 51009068
040 _aDCU
_cMCW
_dDLC
050 0 0 _aBX1936.R4B878
100 1 _aBrown, James Victor,
_d1921-
_925347
245 1 4 _aThe invalidating effects of force, fear, and fraud upon the canonical novitiate;
_ba historical conspectus and a commentary.
260 _aWashington,
_bCatholic University of America Press,
_c1951.
300 _axiii, 228 p.
_c23 cm.
410 2 0 _aCatholic University of America.
_tCanon law studies,
_vv. 311
500 _aVita.
502 _aThesis--Catholic University of America.
504 _aBibliography: p. 215-222.
650 0 _aNovitiate
_2Canon law
_925348
650 0 _aReligious life
_2Canon law
_95701
906 _a7
_bcbc
_corignew
_du
_encip
_f19
_gy-gencatlg
942 _2lcc
_cMONOGRAPH
999 _c125094
_d125094